|
|
|
|
| LEADER |
00000nas a2200000 a 4500 |
| 001 |
ssj0006466 |
| 003 |
WaSeSS |
| 005 |
20200512172242.0 |
| 006 |
m d |
| 007 |
cr n |
| 008 |
990805c19969999nyumr pss 0 a0eng c |
| 010 |
|
|
|a 2003215582
|
| 016 |
7 |
|
|a 012434484
|2 Uk
|
| 022 |
|
|
|a 1546-1696
|l 1087-0156
|y 1087-0156
|
| 035 |
|
|
|a (WaSeSS)ssj0006466
|
| 037 |
|
|
|b Nature Biotechnology Subscription Dept., P.O. Box 5054, Brentwood, TN 37024-5054
|c $119.00
|
| 040 |
|
|
|a OHS
|b eng
|e pn
|c OHS
|d MXC
|d EYM
|d OCLCQ
|d NSD
|d OCLCQ
|d SBH
|d NSD
|d OCLCQ
|d OCLCO
|d OCLCQ
|d DLC
|d OCLCF
|d OCLCO
|d EUW
|d OCLCO
|d OCLCQ
|d WT2
|d OCLCO
|d UEJ
|d OCLCO
|d BUF
|d U3W
|d UUM
|d MOW
|d OCLCQ
|d TOF
|d OCLCO
|d LHU
|d AU@
|d OCLCO
|d WYU
|d OCLCO
|d UKMGB
|d OCLCA
|d VT2
|d LEAUB
|d DLC
|d OCLCQ
|d OCLCO
|d OCLCA
|d SFB
|d WaSeSS
|
| 042 |
|
|
|a nsdp
|a pcc
|
| 050 |
0 |
0 |
|a TP248.3
|
| 082 |
1 |
0 |
|a 660
|2 13
|
| 130 |
0 |
|
|a Nature biotechnology (Online)
|
| 210 |
0 |
|
|a Nat. biotechnol.
|b (Online)
|
| 222 |
|
0 |
|a Nature biotechnology
|b (Online)
|
| 245 |
1 |
0 |
|a Nature biotechnology
|h [electronic resource].
|
| 260 |
|
|
|a New York :
|b Nature America, Inc.,
|c ©1996-
|
| 310 |
|
|
|a Monthly
|
| 362 |
0 |
|
|a Vol. 14, issue 3 (Mar. 1996)-
|
| 500 |
|
|
|a "Some content from issues published prior to the November 1998 re-launch of Nature Biotechnology Online may not be available in full-text or PDF format."
|
| 500 |
|
|
|a Title from title screen (viewed Aug. 5, 1999).
|
| 506 |
|
|
|a License restrictions may limit access.
|
| 525 |
|
|
|a Supplements accompany some volumes; issues for <Vol. 21 (2003)> have occasional supplement: Bioentrepreneur. Beginning in 2003? Bioentrepreneur published as a separate "portal."
|
| 538 |
|
|
|a Mode of access: World Wide Web.
|
| 580 |
|
|
|a Complements the journal: Nature.
|
| 588 |
1 |
|
|a Vol. 38, no. 1 (Jan. 2020) (Nature website, viewed Jan. 27, 2020).
|
| 650 |
|
0 |
|a Biochemical engineering
|v Periodicals.
|
| 650 |
|
0 |
|a Biotechnology
|v Periodicals.
|
| 650 |
|
2 |
|a Biotechnology.
|
| 650 |
|
7 |
|a Biotechnology.
|2 ebps
|
| 650 |
|
7 |
|a Biochemical engineering.
|2 fast
|0 (OCoLC)fst00831936
|
| 650 |
|
7 |
|a Biotechnology.
|2 fast
|0 (OCoLC)fst00832729
|
| 655 |
|
0 |
|a Electronic journals.
|
| 710 |
2 |
|
|a Nature Publishing Group.
|
| 776 |
1 |
|
|t Nature biotechnology
|x 1087-0156
|w (DLC) 96647227
|w (OCoLC)34160925
|
| 780 |
0 |
0 |
|t Bio/technology (Nature Publishing Company : Online)
|x 2331-3684
|w (DLC) 2005264500
|w (OCoLC)58834187
|
| 787 |
1 |
|
|t Nature (Online)
|x 1476-4687
|w (DLC) 2005233250
|w (OCoLC)47076528
|
| 787 |
1 |
|
|t Bioentrepreneur (Online)
|x 1542-6572
|w (DLC) 2002211753
|w (OCoLC)51094383
|
| 850 |
|
|
|a DLC
|
| 856 |
4 |
0 |
|z Full text available from Research Library: 01/01/2000 to 1 year ago
|u https://search.proquest.com/publication/47191
|